Statistics for Altılı Gruplar

Click here to take the quiz!

General Stats

  • This quiz has been taken 1 319 times
  • The average score is 25 of 48

Answer Stats

GrupCevap% Correct
Orijinal AB üyeleriAlmanya
93%
Orijinal AB üyeleriFransa
93%
Satranç taşlarıAt
90%
Karadeniz'deki ÜlkelerRusya
90%
Satranç taşlarıKale
89%
Satranç taşlarıPiyon
89%
Satranç taşlarıFil
88%
Satranç taşlarıŞah
88%
Karadeniz'deki ÜlkelerTürkiye
88%
Satranç taşlarıVezir
88%
Karadeniz'deki ÜlkelerUkrayna
86%
R ile başlayan ulusal başkentlerRoma
81%
Karadeniz'deki ÜlkelerGürcistan
80%
Orijinal AB üyeleriİtalya
80%
Karadeniz'deki ÜlkelerBulgaristan
77%
Karadeniz'deki ÜlkelerRomanya
71%
Nobel Ödülü kategorileriFizik
69%
Nobel Ödülü kategorileriKimya
68%
Orijinal AB üyeleriHollanda
67%
Orijinal AB üyeleriBelçika
66%
Adlarında yön ismi olan ülkelerGüney Kore
66%
Adlarında yön ismi olan ülkelerKuzey Kore
66%
Adlarında yön ismi olan ülkelerGüney Afrika
61%
Soy gazlarHelyum
59%
Nobel Ödülü kategorileriEdebiyat
52%
Adlarında yön ismi olan ülkelerKuzey Makedonya
52%
Adlarında yön ismi olan ülkelerGüney Sudan
47%
Soy gazlarNeon
47%
Soy gazlarArgon
43%
Nobel Ödülü kategorileriBarış
38%
Adlarında yön ismi olan ülkelerDoğu Timor
38%
Orijinal AB üyeleriLüksemburg
38%
Büyük bir maratona ev sahipliği yapmış şehirlerLondra
35%
Büyük bir maratona ev sahipliği yapmış şehirlerBerlin
33%
Büyük bir maratona ev sahipliği yapmış şehirlerTokyo
30%
Büyük bir maratona ev sahipliği yapmış şehirlerNew York
26%
R ile başlayan ulusal başkentlerRiyad
26%
Nobel Ödülü kategorileriFizyoloji veya Tıp
25%
Soy gazlarKsenon
20%
Soy gazlarKripton
18%
R ile başlayan ulusal başkentlerRiga
14%
R ile başlayan ulusal başkentlerReykjavík
13%
Nobel Ödülü kategorileriEkonomi
12%
Soy gazlarRadon
12%
R ile başlayan ulusal başkentlerRabat
11%
R ile başlayan ulusal başkentlerRoseau
4%
Büyük bir maratona ev sahipliği yapmış şehirlerBoston
3%
Büyük bir maratona ev sahipliği yapmış şehirlerChicago
3%

Score Distribution

Percentile by Number Answered

Percent of People with Each Score

Your Score History

You have not taken this quiz